书目信息 |
| 题名: |
图书馆业务自学大全
|
|
| 作者: | 张琪玉 , 刘彭 , 宋桂文 编著 | |
| 分册: | 13 图书馆现代化简介与展望 | |
| 出版信息: | 1983 |
|
| 页数: | 126页 | |
| 开本: | 19cm | |
| 丛书名: | 吉林省图书馆学会丛书 | |
| 单 册: | ||
| 中图分类: | G251.5 | |
| 科图分类: | ||
| 主题词: | 图书馆学 , 图书馆事业 | |
| 电子资源: | ||
| ISBN: | ||
| 000 | 00802nam0 2200241 450 | |
| 001 | 0630818422 | |
| 005 | 20060720083548.87 | |
| 100 | @a20060720d1983 km y0chiy0120 ea | |
| 101 | 0 | @achi |
| 200 | 1 | @a图书馆业务自学大全@h13@i图书馆现代化简介与展望@Atu shu guan ye wu zi xue da quan@f张琪玉,刘彭,宋桂文编著@Fzhang qi yu,liu peng,song gui wen bian zhu |
| 210 | @d1983 | |
| 215 | @a126页@d19cm | |
| 225 | 2 | @a吉林省图书馆学会丛书 |
| 410 | 0 | @12001 @a吉林省图书馆学会丛书 |
| 517 | 1 | @a图书馆现代化简介与展望@Atu shu guan xian dai hua jian jie yu zhan wang |
| 606 | 0 | @a图书馆学 |
| 606 | 0 | @a图书馆事业 |
| 690 | @aG251.5@v3 | |
| 701 | 0 | @a张琪玉@Azhang qi yu@4编著 |
| 701 | 0 | @a刘彭@Aliu peng@4编著 |
| 701 | 0 | @a宋桂文@Asong gui wen@4编著 |
| 801 | 0 | @aCN@bPFT@c20060720 |
| 905 | @a10447@dG251.5@e11 | |
| 图书馆业务自学大全.13.图书馆现代化简介与展望/张琪玉,刘彭,宋桂文编著.-1983 |
| 126页;19cm.-(吉林省图书馆学会丛书) |
| ISBN : |
| ● |
| 相关链接 |
|
|
|
|
正题名:图书馆业务自学大全
索取号:G251.5/11
 
预约/预借
| 序号 | 登录号 | 条形码 | 馆藏地/架位号 | 状态 | 备注 |
| 1 | 0424674 | 204246743 | 密集书库/ [索取号:G251.5/11] | 在馆 |